00650cam a22002051 450000100060000000300080000600500170001400800410003103500190007204000270009104100080011808200250012624500850015126000520023630000390028850400390032765000260036665100320039270000200042432971BD-RjUL20211209051926.0140429s1966 njub b 000 0 eng d a(BD-RjUL)33061 aDLCcDLCdBD-RjULbeng aeng00a909.09767bMUS 196614aThe Muslim world on the eve of Europe's expansion /cedited by John J. Saunders. aEnglewood Cliffs, N.J. :bPrentice-Hall,c1966. axi, 146 p. :bfold. map. ;c21 cm. aIncludes Bibliography: p. 144-146. 0aIslamic civilization. 0aIslamic countriesxHistory. aSaunders, J. J.